00254 a2200109 450000500170000002000180001708200120003510000160004724500300006326000410009330000100013420250702085634.0 a0-8164-0413-5 a658 SIM aSIMS, E . R aA Season With The Savior, aNew York,bThe Seabury Press,c1978. c22cm.